01420nam a22002057a 4500003000900000005001700009008004100026040002800067100005200095245017700147260004000324300006300364502020600427504005300633505026300686700004800949700003800997700003101035830014801066DO-SdBJH20200305225849.0200218b ||||| |||| 00| 0 spa d aDO-SdBJHbspacDO-SdBJH1 4Espinal Rosario, Luisasustentanteesustentante10aEvolución y perspectiva de la cartografía militar dominicana / cLuis Espinal Rosario, Atling Rodriguez Martínez, asesores Reynaldo Guerrero, Santiago Morales Gómez aSanto Domingo Este :bINSUDE,c2018 axv, 36 páginas, ilustraciones-gráficos-figuras-cuadros aTrabajo de grado (Licenciatura en Ciencias Militares) -- Instituto Superior para la Defensa (INSUDE). Academia Militar del Ejército de República Dominicana "Batalla de las Carreras", 2018 aIncluye referencias bibliográficas e índices aAspectos generales sobre la cartografía militar en la República Dominicana. -- Proceso de confección de cartas militares en la República Dominicana. -- Evaluación del desarrollo y evolución de la cartografía militar en la República Dominicana1 aRodríguez Martínez, Atlingesustentante1 aMorales Gómez, Santiagoeasesor1 aReynaldo, Guerreroeasesor aINSUDE. Academia Militar del Ejército de República Dominicana "Batalla de las Carreras. Trabajo de grado y disertaciones académicas